000 01521nam a2200409 i 4500
001 25779
003 KOSZ 005
005 20200715105941.0
008 200715s1974 pl a f 001 0 pol
015 _aPB 1974/2905
035 _a(OCoLC)830724663
040 _aWA N
_cWA N
_dKOSZ 005/EC
_dKOSZ 005/RW
046 _k1974
080 _a62
080 _a681.3.06
100 1 _aGoliński, Jan
_d(1930- )
_eAutor
245 1 0 _aMetody optymalizacyjne w projektowaniu technicznym :
_brozwiązywanie na maszynach cyfrowych /
_cJan Goliński.
260 _aWarszawa :
_bWydawnictwa Naukowo-Techniczne,
_c1974.
300 _a220 stron :
_bilustracje, wykresy ;
_c21 cm.
336 _aTekst
_btxt
_2rdacontent
337 _aBez urządzenia pośredniczącego
_bn
_2rdamedia
338 _aWolumin
_bnc
_2rdacarrier
380 _aKsiążki
380 _aPublikacje fachowe
388 1 _a1901-2000
388 1 _a1945-1989
504 _aBibliografia przy rozdziałach. Indeks.
521 8 _aKsiążka jest przeznaczona dla inżynierów-projektantów, głównie mechaników, jako pomoc i zachęta do stosowania nowoczesnych metod w projektowaniu.
650 7 _aProjektowanie
650 7 _aOptymalizacja
650 7 _aMaszyny
655 7 _aOpracowanie
658 _aInżynieria i technika
710 2 _aWydawnictwa Naukowo-Techniczne
_4pbl
856 _uhttp://koha.tu.koszalin.pl/cgi-bin/koha/opac-detail.pl?biblionumber=25779
_yKatalog online BPK
942 _2UKD
_cKS
999 _c25779
_d25779